<?xml version="1.0" encoding="UTF-8"?>
<record
    xmlns:xsi="http://www.w3.org/2001/XMLSchema-instance"
    xsi:schemaLocation="http://www.loc.gov/MARC21/slim http://www.loc.gov/standards/marcxml/schema/MARC21slim.xsd"
    xmlns="http://www.loc.gov/MARC21/slim">

  <leader>00719nam a2200169Ia 4500</leader>
  <controlfield tag="008">100122s9999    xx            000 0 und d</controlfield>
  <datafield tag="082" ind1=" " ind2=" ">
    <subfield code="b">65647</subfield>
    <subfield code="a">954</subfield>
  </datafield>
  <datafield tag="100" ind1=" " ind2=" ">
    <subfield code="a">&#x936;&#x93F;&#x930;&#x917;&#x93E;&#x935;&#x915;&#x930; &#x905;&#x923;&#x94D;&#x923;&#x93E;</subfield>
  </datafield>
  <datafield tag="245" ind1=" " ind2=" ">
    <subfield code="a">&#x936;&#x94B;&#x927; &#x905;&#x92A;&#x930;&#x93E;&#x928;&#x94D;&#x924;&#x93E;&#x91A;&#x93E;</subfield>
  </datafield>
  <datafield tag="260" ind1=" " ind2=" ">
    <subfield code="b">&#x92C;&#x941;&#x915;&#x92E;&#x93E;&#x930;&#x94D;&#x915; &#x92A;&#x92C;&#x94D;&#x932;&#x93F;&#x915;&#x947;&#x936;&#x928;&#x94D;&#x938;</subfield>
    <subfield code="c">2004</subfield>
  </datafield>
  <datafield tag="300" ind1=" " ind2=" ">
    <subfield code="a">130</subfield>
  </datafield>
  <datafield tag="520" ind1=" " ind2=" ">
    <subfield code="a">"&#x915;&#x94B;&#x915;&#x923;&#x91A;&#x93E;  &#x92A;&#x94D;&#x930;&#x93E;&#x91A;&#x940;&#x928;  &#x907;&#x924;&#x93F;&#x939;&#x93E;&#x938; ,&#x92A;&#x930;&#x936;&#x941;&#x930;&#x93E;&#x92E; &#x92D;&#x942;&#x92E;&#x940;"</subfield>
  </datafield>
  <datafield tag="620" ind1=" " ind2=" ">
    <subfield code="a">"&#x915;&#x94B;&#x915;&#x923;&#x91A;&#x93E;  &#x92A;&#x94D;&#x930;&#x93E;&#x91A;&#x940;&#x928;  &#x907;&#x924;&#x93F;&#x939;&#x93E;&#x938; ,&#x92A;&#x930;&#x936;&#x941;&#x930;&#x93E;&#x92E; &#x92D;&#x942;&#x92E;&#x940;"</subfield>
  </datafield>
  <datafield tag="630" ind1=" " ind2=" ">
    <subfield code="a">&#x936;&#x94B;&#x927; &#x905;&#x92A;&#x930;&#x93E;&#x928;&#x94D;&#x924;&#x93E;&#x91A;&#x93E;</subfield>
  </datafield>
  <datafield tag="730" ind1=" " ind2=" ">
    <subfield code="a">&#x936;&#x94B;&#x927; &#x905;&#x92A;&#x930;&#x93E;&#x928;&#x94D;&#x924;&#x93E;&#x91A;&#x93E;</subfield>
  </datafield>
  <datafield tag="942" ind1=" " ind2=" ">
    <subfield code="c">BOOK</subfield>
  </datafield>
  <datafield tag="999" ind1=" " ind2=" ">
    <subfield code="c">438570</subfield>
    <subfield code="d">438567</subfield>
  </datafield>
  <datafield tag="952" ind1=" " ind2=" ">
    <subfield code="0">0</subfield>
    <subfield code="1">0</subfield>
    <subfield code="4">0</subfield>
    <subfield code="7">0</subfield>
    <subfield code="a">SVPPARLE</subfield>
    <subfield code="b">SVPPARLE</subfield>
    <subfield code="d">2004-08-28</subfield>
    <subfield code="g">95.00</subfield>
    <subfield code="l">0</subfield>
    <subfield code="o">65647</subfield>
    <subfield code="p">SVPPARLE-65647</subfield>
    <subfield code="r">2010-01-25 00:00:00</subfield>
    <subfield code="v">95.00</subfield>
    <subfield code="w">2010-01-25</subfield>
    <subfield code="y">BOOK</subfield>
    <subfield code="z">General NA</subfield>
  </datafield>
</record>
